LEADER 01084nam a2200241 i 4500 001 000000141186 003 CaOOAMICUS 005 20050708000000.0 008 050708s1967 it u000 u ita u 013 $a115500 040 $aSeMil$bita 100 1 $aCeriani, Grazioso <1906-1974>.$0(OLS)http://semarc/name/1067 245 13$aIl teatro del nuovo umanesimo :$b(Volto umano e cristiano del teatro) /$cGrazioso Ceriani ; a cura del Centro Culturale San Babila. 260 $aMilano :$bMassimo,$cstampa 1967. 300 $a316 p. ;$c21 cm. 500 $aIn mezzo al front : «Pro manuscripto». 650 4$aTeatro italiano - Storia.$0(OLS)http://semarc/subject/35471 700 1 $aCentro Culturale San Babila.$0(OLS)http://semarc/name/56824 850 $aSeMil 852 $aSeMil$W1$xVenegono$y1$m76 39 *$j94433$B94433$CSeMilBibl$Z2$F100512 $81 961 $aLascito: Corradi mons. Enrico 996 $6245$aIl teatro del nuovo umanesimo :$b(Volto umano e cristiano del teatro)$9(OLS)http://semarc/title/206313 996 $6260$aMilano :$bMassimo$9(OLS)http://semarc/publisher/30297 LEADER 00995nam a2200229 i 4500 001 000000072104 003 CaOOAMICUS 005 20090213000000.0 008 090213s1976 it u000 u ita u 013 $a43276 040 $aSeMil$bita 245 12$aL'orientamento :$baspetti teorici e metodi operativi /$ca cura di Costante Scarpellini, Emilia Strologo. 260 $aBrescia :$bLa Scuola,$cc1976. 300 $a937 p. ;$c25 cm. 650 4$aOrientamento professionale.$0(OLS)http://semarc/subject/14510 650 4$aOrientamento scolastico.$0(OLS)http://semarc/subject/14511 700 1 $aStrologo, Emilia.$0(OLS)http://semarc/name/35730 700 1 $aScarpellini, Costante.$0(OLS)http://semarc/name/24868 850 $aSeMil 852 $aSeMil$W1$xVenegono$y1$m2P V 334$j38257$B38257$CSeMilBibl$Z2$F38260 $81 996 $6245$aL'orientamento :$baspetti teorici e metodi operativi$9(OLS)http://semarc/title/116159 996 $6260$aBrescia :$bLa Scuola$9(OLS)http://semarc/publisher/29831